000 00815nam a2200277 a 4500
001 vtls000923767
003 NLI
005 20210627085943.0
008 110906s1853 enk 000 eng
020 _cRs. 10.00
039 9 _y201109061852
_zVargis_01
040 0 _aNLI
_beng
_cVergis_S
_eAACR2
041 0 _aeng
044 _aenk
084 _a156
100 1 _aBrowne, R. W.
_q(Robert William),
_d1809-1895
_9864365
245 1 2 _aA history of Roman classical literature /
_cby R. W. Browne
260 _aLondon :
_bRichard Bentley,
_c1853
300 _axx, 556 p. ;
_c22 cm.
650 0 _aLatin literature
_xHistory and criticism
_9689150
887 _a
901 _aIMP95514 ;
_b24.12.2010
902 _a156 H 9
949 _AVIRTUAITEM
_D10000
_X100
_6IMP000095514ENG
942 _2ddc
_cBKS
999 _aVIRTUA40
_c754635
_d754635